00337nam a2200109Ia 4500008004100000020001800041040002900059050002300088100002000111245006400131260003200195221216s9999||||xx |||||||||||||| ||und|| a0-658-00945-1 cChuka University Library aHD 69b.B7G74 2001 aGregory,James R 2aA guide to global blannd marketing:branding across boarders aMcgraw hillbNew yorkc2001